Statistics for Which city in Ukraine

Click here to take the quiz!

General Stats

  • This quiz has been taken 199 times
  • The average score is 8 of 15

Answer Stats

QuestionAnswer% Correct
Second largest cityKharkiv
87%
Used to be called "Kirovohrad"Kropyvnytskyi
80%
Isn't in Donetsk oblastKryvyi Rih
77%
Is a capital of Volyn oblastLuts'k
71%
Lays NOT on Dnieper riverPoltava
68%
Has the biggest nuclear power plant in EuropeEnerhodar
67%
Was capital of Soviet Ukraine (1919-1934)Kharkiv
63%
Lays NOT on the sea coastMelitopol
62%
Is the biggest in Kyiv oblast (not Kyiv)Bila Tserkva
55%
Which oblast capital is the smallest one (by population)Uzhhorod
48%
Isn't in Western UkraineHluhiv
45%
At the beginning of it's history had a name "Uzivka"Donetsk
34%
Doesn't have international airportSumy
33%
Was capital of Reichscommisariat UkraineRivne
30%
Has the biggest average salaryEnerhodar
9%

Score Distribution

Percentile by Number Answered

Percent of People with Each Score

Your Score History

You have not taken this quiz